Daughter of midnight : the child bride of Gandhi /

Saved in:
书目详细资料
主要作者: Gandhi, Arun.
格式: 图书
语言:English
出版: London : Blake, 1998.
主题:
标签: 添加标签
没有标签, 成为第一个标记此记录!
LEADER 00909cam a2200301 a 4500
001 007768280-7
005 20050206155911.0
008 981022s1998 enkacf 000 0 eng c
015 |a GB98-80006 
020 |a 1857822005 
035 0 |a ocm40152727 
040 |a CGU  |c CGU  |d UKM  |d OCL 
042 |a pcc 
043 |a a-ii--- 
050 4 |a DS481.G25  |b G374 1998 
100 1 |a Gandhi, Arun. 
245 1 0 |a Daughter of midnight :  |b the child bride of Gandhi /  |c by Arun Gandhi. 
246 3 0 |a Child bride of Gandhi 
260 |a London :  |b Blake,  |c 1998. 
300 |a xix, 315, [16] p. of plates :  |b ill., ports. ;  |c 24 cm. 
500 |a Includes index. 
600 1 0 |a Gandhi,  |c Mahatma,  |d 1869-1948. 
600 1 0 |a Gandhi, Kasturba,  |d 1869-1944. 
600 1 0 |a Gandhi,  |c Mahatma,  |d 1869-1948. 
650 0 |a Statesmen's spouses  |z India  |v Biography. 
600 1 4 |a Kapadia, Kastur,  |d 1869-1944. 
988 |a 20040903 
906 |0 OCLC